LEADER 01076nam a2200253 4500 001 000000353280 003 CaOOAMICUS 005 20250514124912.0 008 230328s2023 it 000 u ita r 020 $a978-88-514-2651-4 040 $aSeMil$bita 245 10$a3: Dopo Pentecoste. 264 1$aMilano :$bÀncora,$c2023. 300 $a205 p. ;$c21 cm 490 1 $aSussidi ambrosiani ;$v3 773 0 $aFumagalli, Aristide <1962- >$tIn dialogo con la Parola.$dMilano : Àncora, 2022-2023.$g3$w()362811 830 0$aSussidi ambrosiani ;$v3.$0(OLS)http://semarc/title/26542 850 $aSeMil 852 $aSeMil$W1$xVenegono$y1$m3KA E 8/3$j256950$B244498$CSeMilBibl$Z2$F244498 $81 961 $aFumagalli don Aristide - omaggio. -- Con dedica autografa dell'autore (don Aristide Fumagalli) alla Biblioteca del Seminario di Milano 996 $6020$a978-88-514-2651-4$9(OLS)http://semarc/number/297846 996 $6245$a3: Dopo Pentecoste$9(OLS)http://semarc/title/443292 996 $6264$aMilano :$bÀncora$9(OLS)http://semarc/publisher/29763 LEADER 01161nam a2200265 i 4500 001 000000210508 003 CaOOAMICUS 005 20120130000000.0 008 120130s2005 sz u000 u fre u 013 $a189321 020 $a2-8309-1139-3 040 $aSeMil$bita 100 1 $aFath, Sébastien <1968- >.$0(OLS)http://semarc/name/63029 245 10$aDu ghetto au réseau :$ble protestantisme évangelique en France : 1800-2005 /$cSébastien Fath. 260 $aGenève :$bLabor et Fides,$c2005. 300 $a425 p. ;$c23 cm. 490 0 $aHistoire et société ;$v47 650 4$aProtestantesimo - Francia - Storia.$0(OLS)http://semarc/subject/39582 830 0$aHistoire et société ;$v47.$0(OLS)http://semarc/title/31768 850 $aSeMil 852 $aSeMil$W1$xVenegono$y1$m3B III 58$j160955$B160955$CSeMilBibl$Z2$F172739 $81 961 $aOmaggio: Bressan don Luca 996 $6020$a2-8309-1139-3$9(OLS)http://semarc/number/205504 996 $6245$aDu ghetto au réseau :$ble protestantisme évangelique en France : 1800-2005$9(OLS)http://semarc/title/304286 996 $6260$aGenève :$bLabor et Fides$9(OLS)http://semarc/publisher/31164